The Subway - Chappell Roan (All Lyrics) - Statistics

General Stats
  • This quiz has been taken 603 times
  • The average score is 269 of 317
Answer Stats
Lyrics % Correct
a
99%
A
99%
I
99%
you
98%
on
97%
subway
97%
the
97%
to
97%
just
96%
your
96%
another
94%
It
93%
it
93%
we
93%
day
92%
got,
92%
got
92%
hair
92%
It's
92%
it's
92%
saw
92%
She
92%
she
92%
(She
92%
away
91%
away,
91%
away)
91%
green
90%
girl
89%
She's
89%
she's
89%
(She's
89%
And
88%
I'm
88%
way
88%
way,
88%
way)
88%
had
87%
not
87%
over
87%
over,
87%
never
85%
this
85%
'til
85%
'Til
85%
me
84%
movin'
84%
city,
83%
for
83%
Well,
83%
you're
83%
break
82%
fuck
82%
nearly
82%
in
81%
leave
81%
perfume
81%
of
80%
room
80%
almost
79%
breakdown
79%
Made
78%
made
78%
down
77%
few
77%
if
77%
killed
77%
later
77%
months
77%
next
77%
feeling
76%
gone
76%
weeks
76%
wore
76%
ain't
75%
four
75%
see
75%
Somebody
75%
all
73%
moving
73%
promise,
73%
still
73%
There
73%
mouth
72%
Beauty
71%
Oh,
71%
villain
71%
days
70%
counting
69%
even
69%
lights
69%
mark
69%
off
69%
Evil
68%
shadow
68%
with
68%
But
67%
Saskatchewan
67%
that
67%
were
63%
don't
62%
look
62%
say
60%
staircase
60%
name
58%
thought
56%
soulmates
55%
wish
55%
foreplay
53%
won't
53%
can
51%
during
47%
myself
47%
Or
47%
routine
47%
trust
44%
(Ah)
30%
(Ah,
30%
ah
30%
ah)
30%
No matching quizzes found
Score Distribution
Percent of People with Each Score
Percentile by Number Answered
Your Score History
You have not taken this quiz